[Event "Budapest FS12 Nadassy"]
[Site "Budapest"]
[Date "2023.12.12"]
[Round "10.5"]
[White "Poor, Sandor"]
[Black "Bodrogi, Laszlo"]
[Result "1-0"]
[WhiteElo "1938"]
[BlackElo "1900"]
[PlyCount "55"]
[EventDate "2023.12.02"]
[EventType "tourn"]
[EventRounds "10"]
[EventCountry "HUN"]
[SourceTitle "CB51_2023"]
[SourceDate "2023.12.20"]
[SourceVersion "1"]
[SourceVersionDate "2023.12.20"]
[SourceQuality "1"]
[WhiteTeam "Team Lower Elo"]
[BlackTeam "Team Higher Elo"]
[WhiteTeamCountry "HUN"]
[BlackTeamCountry "HUN"]

1. d4 Nf6 2. c4 e6 3. Nf3 c5 4. d5 exd5 5. cxd5 d6 6. Nc3 g6 7. Nd2 Bg7 8. e4 0-0 9. Be2 Re8 10. 0-0 Na6 11. Re1 Nc7 12. a4 Rb8 13. Qc2 b6 14. Nc4 Ba6 15. Bg5 Bxc4 16. Bxc4 a6 17. Qd3 Qc8 18. e5 Rxe5 19. Rxe5 dxe5 20. Bxf6 b5 21. axb5 axb5 22. Nxb5 Nxb5 23. Bxb5 Bxf6 24. Bc4 Rxb2 25. d6 Qf5 26. Qd5 Qxf2+ 27. Kh1 Bd8 28. Rf1 1-0

[Event "Budapest FS12 Nadassy"]
[Site "Budapest"]
[Date "2023.12.10"]
[Round "8.5"]
[White "Vedant, Mistry"]
[Black "Bodrogi, Laszlo"]
[Result "0-1"]
[WhiteElo "1871"]
[BlackElo "1900"]
[PlyCount "110"]
[EventDate "2023.12.02"]
[EventType "tourn"]
[EventRounds "10"]
[EventCountry "HUN"]
[SourceTitle "CB51_2023"]
[SourceDate "2023.12.20"]
[SourceVersion "1"]
[SourceVersionDate "2023.12.20"]
[SourceQuality "1"]
[WhiteTeam "Team Lower Elo"]
[BlackTeam "Team Higher Elo"]
[WhiteTeamCountry "HUN"]
[BlackTeamCountry "HUN"]

1. d4 Nf6 2. Bf4 c5 3. e3 cxd4 4. exd4 d5 5. c3 Nc6 6. Bd3 e6 7. Nf3 Bd6 8. Bg3 a6 9. Ne5 Bxe5 10. dxe5 Nd7 11. f4 b5 12. Qg4 g6 13. Bf2 Bb7 14. 0-0 Rc8 15. Nd2 Na5 16. Rae1 Nc4 17. Nxc4 dxc4 18. Bc2 h5 19. Qg3 h4 20. Qg4 h3 21. gxh3 Nc5 22. Bxc5 Rxc5 23. Be4 Bxe4 24. Rxe4 Rd5 25. Re2 Rd3 26. Rf3 Rd1+ 27. Rf1 Rxf1+ 28. Kxf1 Qd3 29. h4 Rh5 30. Kf2 a5 31. Qg3 Qd8 32. Kg2 Rxh4 33. Qf3 Kf8 34. Qe3 Rg4+ 35. Kf1 Qd5 36. Qe4 Ke7 37. Qxd5 exd5 38. Rf2 Ke6 39. Ke2 Rg1 40. Ke3 Rd1 41. Rd2 Rxd2 42. Kxd2 Kf5 43. Ke3 Kg4 44. Kd4 Kxf4 45. Kxd5 Kf5 46. Kd6 g5 47. h3 b4 48. Kd5 a4 49. Kxc4 bxc3 50. Kxc3 Kxe5 51. Kd3 f5 52. Ke3 Kd5 53. Kf3 Kd4 54. b4 a3 55. Kg3 Kc4 0-1

[Event "Budapest FS12 Nadassy"]
[Site "Budapest"]
[Date "2023.12.02"]
[Round "1.5"]
[White "Bodrogi, Laszlo"]
[Black "Manukonda, Arun"]
[Result "0-1"]
[WhiteElo "1900"]
[BlackElo "2085"]
[PlyCount "136"]
[EventDate "2023.12.02"]
[EventType "tourn"]
[EventRounds "10"]
[EventCountry "HUN"]
[SourceTitle "CB51_2023"]
[SourceDate "2023.12.20"]
[SourceVersion "1"]
[SourceVersionDate "2023.12.20"]
[SourceQuality "1"]
[WhiteTeam "Team Higher Elo"]
[BlackTeam "Team Lower Elo"]
[WhiteTeamCountry "HUN"]
[BlackTeamCountry "HUN"]

1. d4 d5 2. c4 e6 3. Nc3 c5 4. Nf3 cxd4 5. Nxd4 e5 6. Nf3 d4 7. Ne4 Nc6 8. e3 Bb4+ 9. Bd2 dxe3 10. Bxb4 exf2+ 11. Kxf2 Qxd1 12. Rxd1 Nxb4 13. Nxe5 Nh6 14. Nd6+ Ke7 15. Be2 f6 16. Nxc8+ Rhxc8 17. Rd7+ Kf8 18. Rxb7 a5 19. Nd7+ Kg8 20. c5 Kh8 21. a3 Nc6 22. Rd1 Nd8 23. Rb6 Nhf7 24. Bf3 Ra7 25. c6 h6 26. b4 axb4 27. axb4 Ng5 28. Bd5 Nde6 29. Rb7 Ra3 30. Bxe6 Nxe6 31. b5 Rb3 32. Rc1 Nf4 33. Rc2 Nd3+ 34. Ke2 Re8+ 35. Kd2 Nb4 36. Nc5 Rbe3 37. Rb2 Re2+ 38. Kc3 Nd5+ 39. Kc4 Rxb2 40. Kxd5 Re5+ 41. Kd4 Rxg2 42. Nd3 Rg4+ 43. Kc3 Ree4 44. c7 Rc4+ 45. Kb3 Kh7 46. b6 Rc6 47. Rb8 Rgc4 48. Nb4 Rxc7 49. bxc7 Rxc7 50. Nd5 Rc1 51. Ra8 Rd1 52. Nc3 Rd2 53. Ra2 Rxa2 54. Nxa2 Kg6 55. Nc1 Kf5 56. Ne2 g6 57. Kc4 Ke4 58. Ng1 f5 59. Ne2 Ke3 60. Nd4 f4 61. Kd5 f3 62. Nxf3 Kxf3 63. Ke5 Kg4 64. Kf6 g5 65. Kg6 h5 66. h3+ Kxh3 67. Kxg5 h4 68. Kf4 Kg2 0-1

[Event "HUN-chT2 Barcza 1819"]
[Site "Hungary"]
[Date "2019.02.10"]
[Round "7.5"]
[White "Bodrogi, Laszlo"]
[Black "Dudas, Peter"]
[Result "0-1"]
[WhiteElo "1889"]
[BlackElo "2204"]
[PlyCount "100"]
[EventDate "2018.09.23"]
[EventType "team-tourn"]
[EventRounds "11"]
[EventCountry "HUN"]
[SourceTitle "CBM 189 Extra"]
[Source "ChessBase"]
[SourceDate "2019.06.03"]
[SourceVersion "1"]
[SourceVersionDate "2019.06.03"]
[SourceQuality "1"]
[WhiteTeam "Tiszavasvar"]
[BlackTeam "Edeleny"]
[WhiteTeamCountry "HUN"]
[BlackTeamCountry "HUN"]

1. d4 Nf6 2. c4 g6 3. Nc3 Bg7 4. e4 d6 5. f3 0-0 6. Be3 e5 7. d5 Nh5 8. Qd2 f5 9. exf5 gxf5 10. Bd3 Qh4+ 11. Bf2 Qf6 12. Nge2 Na6 13. Ng3 Nf4 14. Bf1 Bh6 15. Qd1 Nc5 16. Qc2 a5 17. Bxc5 dxc5 18. Bd3 e4 19. Bf1 Qd4 20. Nb5 Qe3+ 21. Kd1 Bd7 22. Qc3 Nd3 23. Bxd3 exd3 24. Re1 Qf2 25. Qxd3 Qxb2 26. Rb1 Qxa2 27. Re2 Qa4+ 28. Ke1 Bxb5 29. Rxb5 Rae8 30. Rxb7 Rxe2+ 31. Nxe2 Re8 32. d6 Qa1+ 33. Rb1 Qe5 34. dxc7 Qxc7 35. Qd5+ Kh8 36. Rb7 Qxh2 37. Rxh7+ Kxh7 38. Qf7+ Bg7 39. Qxe8 Qxg2 40. Qh5+ Kg8 41. Qxf5 Qh1+ 42. Kf2 Qh4+ 43. Ke3 Qxc4 44. Qc8+ Bf8 45. Qd8 a4 46. Nf4 Qf7 47. Nd5 Kh7 48. f4 a3 49. Qg5 Qg6 50. Nf6+ Kg7 0-1

[Event "HUN-chT2 Barcza 1819"]
[Site "Hungary"]
[Date "2018.11.18"]
[Round "4.10"]
[White "Bodrogi, Laszlo"]
[Black "Tumo, Bence"]
[Result "0-1"]
[WhiteElo "1889"]
[BlackElo "1863"]
[PlyCount "142"]
[EventDate "2018.09.23"]
[EventType "team-tourn"]
[EventRounds "11"]
[EventCountry "HUN"]
[SourceTitle "CBM 189 Extra"]
[Source "ChessBase"]
[SourceDate "2019.06.03"]
[SourceVersion "1"]
[SourceVersionDate "2019.06.03"]
[SourceQuality "1"]
[WhiteTeam "Tiszavasvar"]
[BlackTeam "Nyiregyhaza"]
[WhiteTeamCountry "HUN"]
[BlackTeamCountry "HUN"]

1. d4 Nf6 2. c4 e6 3. Nc3 d5 4. Bg5 Nbd7 5. e3 Be7 6. Nf3 0-0 7. Rc1 c6 8. Bd3 dxc4 9. Bxc4 b5 10. Bd3 Bb7 11. 0-0 a6 12. a3 c5 13. Qe2 Rc8 14. Rfd1 c4 15. Bb1 Nd5 16. Bxe7 Qxe7 17. e4 Nf4 18. Qe3 Qf6 19. h4 e5 20. Nd5 Bxd5 21. exd5 exd4 22. Rxd4 Ng6 23. h5 Rfe8 24. Qd2 Nge5 25. Ng5 Nf8 26. Ne4 Qb6 27. Rc3 Nd3 28. Bxd3 Qxd4 29. Nd6 cxd3 30. Rxd3 Qg4 31. Nxc8 Rxc8 32. h6 Ng6 33. d6 Nf4 34. f3 Rc1+ 35. Kf2 Qxg2+ 36. Ke3 Qxd2+ 37. Kxd2 Rc8 38. d7 Rd8 39. Rd6 gxh6 40. Ke3 Ng6 41. Rxa6 Rxd7 42. Ra5 Rb7 43. b4 Ne5 44. Ke4 Nc4 45. Ra6 Rb6 46. Ra8+ Kg7 47. Kd4 Rc6 48. a4 bxa4 49. b5 Rc7 50. Rxa4 Nb6 51. Ra6 Nc8 52. Kd5 h5 53. f4 h4 54. f5 h3 55. f6+ Kg6 56. Ra3 Kxf6 57. Rxh3 Kg6 58. Rg3+ Kf5 59. Rh3 f6 60. Re3 h5 61. Re8 h4 62. Rh8 Kg4 63. Ke6 f5 64. Rg8+ Kf4 65. Rh8 Kg4 66. Rg8+ Kh3 67. Rd8 Rc5 68. Rd3+ Kg4 69. Rb3 Nb6 70. Kd6 Rc2 71. Rb1 h3 0-1

[Event "Puspokladany Arnoth Memorial 11th"]
[Site "Puspokladany"]
[Date "2018.07.29"]
[Round "9"]
[White "Bodrogi, Laszlo"]
[Black "Sandor, Imre1111"]
[Result "0-1"]
[WhiteElo "1851"]
[BlackElo "1840"]
[PlyCount "52"]
[EventDate "2018.07.25"]
[EventType "swiss"]
[EventRounds "9"]
[EventCountry "HUN"]
[SourceTitle "CBM 186 Extra"]
[Source "ChessBase"]
[SourceDate "2018.08.24"]
[SourceVersion "1"]
[SourceVersionDate "2018.08.24"]
[SourceQuality "1"]

1. d4 Nf6 2. c4 g6 3. Nc3 Bg7 4. e4 d6 5. f3 0-0 6. Be3 Nfd7 7. Qd2 c5 8. Nge2 Nc6 9. Rc1 cxd4 10. Nxd4 Nde5 11. Be2 a6 12. 0-0 Nxd4 13. Bxd4 Be6 14. Nd5 b5 15. Bb6 Qd7 16. cxb5 axb5 17. Rc7 Qe8 18. Nxe7+ Kh8 19. b3 Qb8 20. Qxd6 Ra6 21. f4 Rxb6 22. Qc5 Nd7 23. Qc1 Rb7 24. Rc6 Nf6 25. e5 Ne4 26. g3 Rxe7 0-1

[Event "Puspokladany Arnoth Memorial 11th"]
[Site "Puspokladany"]
[Date "2018.07.25"]
[Round "1"]
[White "Bodrogi, Laszlo"]
[Black "Kakuk, Sandor"]
[Result "1-0"]
[WhiteElo "1851"]
[BlackElo "2104"]
[PlyCount "93"]
[EventDate "2018.07.25"]
[EventType "swiss"]
[EventRounds "9"]
[EventCountry "HUN"]
[SourceTitle "CBM 186 Extra"]
[Source "ChessBase"]
[SourceDate "2018.08.24"]
[SourceVersion "1"]
[SourceVersionDate "2018.08.24"]
[SourceQuality "1"]

1. d4 d5 2. c4 Nc6 3. cxd5 Qxd5 4. Nf3 e5 5. Nc3 Bb4 6. Bd2 Bxc3 7. Bxc3 e4 8. Nd2 e3 9. fxe3 Nf6 10. Qb3 Qg5 11. e4 Qe3 12. d5 Ng4 13. Nf3 Qf2+ 14. Kd1 0-0 15. Rc1 Qe3 16. Bd2 Qxe4 17. dxc6 Nf2+ 18. Ke1 Nxh1 19. Qc4 Qg6 20. Qd4 bxc6 21. Nh4 Qe6 22. Bc3 f6 23. e3 Qe8 24. Bc4+ Be6 25. Nf5 Kh8 26. Bxe6 Qxe6 27. Qf4 Rae8 28. Bd4 Rf7 29. Kf1 Qxa2 30. Kg1 c5 31. Bc3 Qd5 32. h4 Re4 33. Qf3 Qc4 34. Kxh1 g6 35. Ng3 Rxh4+ 36. Kg1 Kg7 37. b3 Qe6 38. e4 Rg4 39. Re1 h5 40. Bb2 Kh7 41. Bc1 h4 42. Nh1 Qe5 43. Qe3 g5 44. Qe2 Qe6 45. e5 Re7 46. Nf2 Rd4 47. Qh5+ 1-0

[Event "Budapest Karacsonyi op"]
[Site "Budapest"]
[Date "2017.12.28"]
[Round "2"]
[White "Bodrogi, Laszlo"]
[Black "Tomosvary, Attila"]
[Result "0-1"]
[WhiteElo "1864"]
[BlackElo "2097"]
[PlyCount "190"]
[EventDate "2017.12.27"]
[EventType "swiss"]
[EventRounds "7"]
[EventCountry "HUN"]
[SourceTitle "CBM 182 Extra"]
[Source "ChessBase"]
[SourceDate "2018.02.23"]
[SourceVersion "1"]
[SourceVersionDate "2018.02.23"]
[SourceQuality "1"]

1. d4 g6 2. e4 Bg7 3. Nc3 c6 4. Be3 d5 5. e5 Nh6 6. Be2 Nf5 7. Qd2 Nxe3 8. Qxe3 Qa5 9. Nf3 Bf5 10. Rc1 Na6 11. a3 h5 12. Nd2 Bh6 13. f4 b5 14. 0-0 Qb6 15. Bd3 Bxd3 16. Qxd3 Nc7 17. Nb3 Ne6 18. f5 gxf5 19. Rce1 f4 20. Kh1 a5 21. Qf5 a4 22. Nc5 Nxd4 23. Qd7+ Kf8 24. N3e4 Rd8 25. Nf6 exf6 26. exf6 Rxd7 27. Nxd7+ Kg8 28. Nxb6 Kh7 29. Re7 Kg6 30. Nd7 Nf5 31. Rfe1 Nxe7 32. fxe7 Re8 33. Ne5+ Kf6 34. Nxc6 Bf8 35. Nb4 Bxe7 36. Nxd5+ Kg7 37. Rxe7 Rd8 38. Re5 h4 39. h3 Rc8 40. Nc3 b4 41. axb4 a3 42. bxa3 Rxc3 43. b5 Rxa3 44. b6 Ra1+ 45. Kh2 Rb1 46. Re4 f3 47. gxf3 Rb2 48. Rc4 Kg6 49. Kg1 Kg5 50. Kf2 f5 51. Ke3 Rxb6 52. Kd3 Rd6+ 53. Rd4 Ra6 54. f4+ Kf6 55. Kc4 Rc6+ 56. Kb3 Rb6+ 57. Kc3 Ra6 58. Kd2 Ra3 59. Rd3 Ra4 60. Ke3 Re4+ 61. Kf3 Re1 62. Rd2 Rg1 63. Kf2 Rh1 64. Kg2 Rc1 65. Rd6+ Ke7 66. Rd2 Ke6 67. Kh2 Rf1 68. Kg2 Rxf4 69. Rd3 Rc4 70. c3 Ke5 71. Kf3 Rf4+ 72. Ke2 Ra4 73. Kf3 Rf4+ 74. Ke2 Ra4 75. Kf3 Ra1 76. Rd4 Rc1 77. Rc4 Rc2 78. Ke3 Rc1 79. Kd2 Rg1 80. Rxh4 f4 81. Rg4 Rh1 82. h4 Ke4 83. Ke2 Rh2+ 84. Kf1 Rc2 85. Rg2 Rxc3 86. Re2+ Kf3 87. Re1 Kg3 88. h5 Rc2 89. h6 Rh2 90. Kg1 Rxh6 91. Re8 Ra6 92. Re1 f3 93. Rb1 Ra2 94. Kf1 Rh2 95. Kg1 f2+ 0-1

[Event "Budapest Karacsonyi op"]
[Site "Budapest"]
[Date "2017.12.28"]
[Round "3"]
[White "Szendeff, Miklos"]
[Black "Bodrogi, Laszlo"]
[Result "0-1"]
[WhiteElo "1795"]
[BlackElo "1864"]
[PlyCount "118"]
[EventDate "2017.12.27"]
[EventType "swiss"]
[EventRounds "7"]
[EventCountry "HUN"]
[SourceTitle "CBM 182 Extra"]
[Source "ChessBase"]
[SourceDate "2018.02.23"]
[SourceVersion "1"]
[SourceVersionDate "2018.02.23"]
[SourceQuality "1"]

1. e4 e5 2. Nf3 Nc6 3. Bb5 a6 4. Ba4 Nf6 5. d3 b5 6. Bb3 Bc5 7. a4 b4 8. 0-0 d6 9. h3 Be6 10. c3 Bxb3 11. Qxb3 h6 12. Re1 0-0 13. Be3 Qd7 14. Nbd2 Rab8 15. c4 Rfe8 16. Nf1 Nh5 17. Rad1 Na5 18. Qc2 b3 19. Qc1 Qxa4 20. Qa1 Qxa1 21. Rxa1 Bb4 22. Rec1 Nf4 23. Rd1 Ra8 24. Bd2 Nc6 25. Bxb4 Nxb4 26. N1d2 Nbxd3 27. Nxb3 Nxb2 28. Rd2 Nxc4 29. Rc2 Reb8 30. Rxc4 Rxb3 31. Rxc7 a5 32. Nd2 Rb2 33. Nc4 Rc2 34. Ra4 Rb8 35. Rxa5 Rb1+ 36. Kh2 Rxf2 37. Ne3 Rb3 38. Rc2 Nxh3 39. Raa2 Rxc2 40. Nxc2 Nf4 41. Ra8+ Kh7 42. Rd8 Rc3 43. Ne1 Re3 44. Nf3 Rxe4 45. Rxd6 g5 46. Kg3 f5 47. Rd7+ Kg8 48. Re7 Re2 49. Kh2 Rxg2+ 50. Kh1 e4 51. Nd4 Ng6 52. Re6 Nf8 53. Rxh6 Rf2 54. Rf6 f4 55. Rf5 g4 56. Rg5+ Kf7 57. Rxg4 Ne6 58. Kg1 e3 59. Rg2 Rxg2+ 0-1

[Event "HUN-chT2 Barcza 1718"]
[Site "Hungary"]
[Date "2017.12.03"]
[Round "5.5"]
[White "Baloha, Mykhailo"]
[Black "Bodrogi, Laszlo"]
[Result "1-0"]
[WhiteElo "2173"]
[BlackElo "1874"]
[PlyCount "133"]
[EventDate "2017.09.24"]
[EventType "team-tourn"]
[EventRounds "11"]
[EventCountry "HUN"]
[SourceTitle "EXT 2021"]
[Source "ChessBase"]
[SourceDate "2020.10.23"]
[SourceVersion "1"]
[SourceVersionDate "2020.10.23"]
[SourceQuality "1"]
[WhiteTeam "Szirmabesenyo"]
[BlackTeam "Tiszavasvar"]
[WhiteTeamCountry "HUN"]
[BlackTeamCountry "HUN"]

1. e4 e5 2. Nf3 Nc6 3. Bb5 a6 4. Ba4 Nf6 5. 0-0 Be7 6. d3 b5 7. Bb3 d6 8. a3 Be6 9. c3 Bxb3 10. Qxb3 Na5 11. Qc2 c5 12. Nbd2 0-0 13. Re1 Qc7 14. Nf1 c4 15. Bg5 Nh5 16. Bxe7 Qxe7 17. Ne3 cxd3 18. Qxd3 Nf4 19. Qc2 Nc4 20. Nf5 Qc7 21. g3 Ne6 22. b3 Nb6 23. Red1 Rfd8 24. Ne3 Rac8 25. Rac1 Qc5 26. b4 Qc7 27. Nd5 Qa7 28. Nxb6 Qxb6 29. Nh4 g6 30. Ng2 a5 31. Ne3 a4 32. Nd5 Qa7 33. Qd2 Rc4 34. Qh6 f6 35. Nxf6+ Kh8 36. Qh4 Qe7 37. Ng4 Qxh4 38. gxh4 Rxe4 39. f3 Re2 40. Re1 Nf4 41. Rcd1 Rxe1+ 42. Rxe1 Kg7 43. Nf2 Kf7 44. Ne4 h6 45. Rd1 Ke7 46. Kf2 Rd7 47. Ke3 Ke6 48. Rd2 Nd5+ 49. Kd3 Nb6 50. Rg2 Kf5 51. Ng3+ Kf6 52. Ne4+ Kg7 53. h5 g5 54. h4 d5 55. Nc5 Rf7 56. hxg5 Rxf3+ 57. Kc2 Nc4 58. Ne6+ Kh8 59. Rg4 Rf2+ 60. Kd1 Ra2 61. Rg3 hxg5 62. Rxg5 Rxa3 63. Nd8 Rxc3 64. Nf7+ Kh7 65. h6 Rd3+ 66. Ke2 Rd2+ 67. Ke1 1-0

[Event "HUN-chT2 Barcza 1617"]
[Site "Hungary"]
[Date "2017.04.09"]
[Round "11.3"]
[White "Maliar, Anatoliy"]
[Black "Bodrogi, Laszlo"]
[Result "1-0"]
[WhiteElo "2177"]
[BlackElo "2034"]
[PlyCount "73"]
[EventDate "2016.09.25"]
[EventType "team-tourn"]
[EventRounds "11"]
[EventCountry "HUN"]
[SourceTitle "EXT 2021"]
[Source "ChessBase"]
[SourceDate "2020.10.23"]
[SourceVersion "1"]
[SourceVersionDate "2020.10.23"]
[SourceQuality "1"]
[WhiteTeam "Kazincbarcika"]
[BlackTeam "Tiszavasvar"]
[WhiteTeamCountry "HUN"]
[BlackTeamCountry "HUN"]

1. d4 Nf6 2. Nf3 e6 3. Bg5 Be7 4. e3 d5 5. c4 c6 6. Bd3 dxc4 7. Bxc4 Nbd7 8. 0-0 Nd5 9. Bxe7 Qxe7 10. a3 N5b6 11. Bd3 e5 12. Nc3 0-0 13. Qc2 g6 14. Rad1 Re8 15. Rd2 c5 16. d5 c4 17. Be2 e4 18. d6 Qe6 19. Ng5 Qe5 20. Ngxe4 f5 21. Ng5 Qf6 22. Nf3 a6 23. Rd4 Nc5 24. a4 Be6 25. a5 Nbd7 26. Nd5 Bxd5 27. Rxd5 Ne4 28. Qxc4 Kg7 29. Qc7 Qe6 30. Rc5 Qxd6 31. Qxd6 Nxd6 32. Rd5 Rac8 33. Rxd6 Rc7 34. Rfd1 Nf6 35. Bd3 Kf7 36. Ng5+ Kg7 37. Ne6+ 1-0

[Event "Budapest Karacsonyi op 8th"]
[Site "Budapest"]
[Date "2016.12.30"]
[Round "7"]
[White "Bodrogi, Laszlo"]
[Black "Bilku, Andras"]
[Result "1-0"]
[WhiteElo "1990"]
[BlackElo "1592"]
[PlyCount "87"]
[EventDate "2016.12.27"]
[EventType "swiss"]
[EventRounds "7"]
[EventCountry "HUN"]
[SourceTitle "CBM 176 Extra"]
[Source "ChessBase"]
[SourceDate "2017.03.02"]
[SourceVersion "1"]
[SourceVersionDate "2017.03.02"]
[SourceQuality "1"]

1. e4 c6 2. d4 d5 3. exd5 cxd5 4. c4 Nf6 5. Nc3 Nc6 6. Nf3 Bg4 7. cxd5 Nxd5 8. Qb3 Bxf3 9. gxf3 e6 10. Qxb7 Nxd4 11. Bb5+ Nxb5 12. Qc6+ Ke7 13. Qxb5 Qd7 14. Nxd5+ Qxd5 15. Bg5+ f6 16. Qxd5 exd5 17. Be3 Ke6 18. 0-0-0 Rc8+ 19. Kb1 Bc5 20. Rhe1 Bxe3 21. Rxe3+ Kd6 22. Ra3 Rhe8 23. Rxa7 Re2 24. Rxg7 Rcc2 25. Rb7 Rxf2 26. h4 Rce2 27. a4 Rxf3 28. Rb5 Rf5 29. a5 Re4 30. b4 Kc6 31. Rb6+ Kc7 32. Kb2 Rxh4 33. Kb3 h5 34. Rb5 Kc6 35. Rc5+ Kd6 36. a6 Re4 37. Rc8 Re7 38. b5 Rc7 39. Rc1 Rf3+ 40. Kb4 Rf4+ 41. Ka5 Rfc4 42. Rxc4 Rxc4 43. Rxc4 dxc4 44. a7 1-0

[Event "Budapest Karacsonyi op 8th"]
[Site "Budapest"]
[Date "2016.12.29"]
[Round "5"]
[White "Bodrogi, Laszlo"]
[Black "Bodi, Tibor"]
[Result "0-1"]
[WhiteElo "1990"]
[BlackElo "2207"]
[PlyCount "148"]
[EventDate "2016.12.27"]
[EventType "swiss"]
[EventRounds "7"]
[EventCountry "HUN"]
[SourceTitle "CBM 176 Extra"]
[Source "ChessBase"]
[SourceDate "2017.03.02"]
[SourceVersion "1"]
[SourceVersionDate "2017.03.02"]
[SourceQuality "1"]

1. d4 f5 2. e4 fxe4 3. Nc3 Nf6 4. f3 d5 5. fxe4 dxe4 6. Bc4 e5 7. dxe5 Qxd1+ 8. Nxd1 Ng4 9. Bf4 Nc6 10. Bb5 Bd7 11. Bxc6 Bxc6 12. h3 Nh6 13. Ne3 0-0-0 14. Bg5 Re8 15. Bf4 Bb4+ 16. c3 Bc5 17. Bxh6 gxh6 18. Nf5 Rxe5 19. Nxh6 Rf8 20. Ng4 Rd5 21. b4 Rdf5 22. Ne2 Bf2+ 23. Nxf2 Rxf2 24. Nd4 Ba4 25. Rg1 e3 26. g4 Rh2 27. Nf5 h5 28. c4 Rxh3 29. Rf1 Kd7 30. gxh5 Rg8 31. Rc1 Rg2 32. Rc3 Rd2 33. Nxe3 Rhh2 34. Rf7+ Ke6 35. Rf3 Rxa2 36. Rc1 Rxh5 37. Nd5 Rh1+ 38. Rf1 Rxf1+ 39. Kxf1 Bc6 40. Nxc7+ Kd6 41. Nb5+ Ke5 42. Re1+ Kf4 43. Nd4 Bg2+ 44. Kg1 Bh3 45. Ne6+ Kg4 46. Nd4 Rg2+ 47. Kh1 Rb2 48. b5 Kg5 49. Kg1 b6 50. Ne6+ Kf5 51. Nd4+ Kf6 52. Nc6 Rg2+ 53. Kh1 Rc2 54. Nb4 Rb2 55. Nd5+ Kf5 56. Re3 Bg2+ 57. Kg1 Bxd5 58. cxd5 Rxb5 59. Re7 Rxd5 60. Rxa7 Ke4 61. Kf2 Kd3 62. Ke1 Kc3 63. Rc7+ Kb3 64. Rh7 b5 65. Rh3+ Ka4 66. Rg3 b4 67. Rh3 b3 68. Rh8 Ka3 69. Ra8+ Kb2 70. Ra7 Rd4 71. Ra8 Kb1 72. Ra7 b2 73. Ra8 Kc2 74. Rc8+ Kb3 0-1

[Event "HUN-chT2 Barcza 1617"]
[Site "Hungary"]
[Date "2016.12.11"]
[Round "6.2"]
[White "Bodrogi, Laszlo"]
[Black "Hidegh, Gabor"]
[Result "0-1"]
[WhiteElo "2034"]
[BlackElo "2102"]
[PlyCount "68"]
[EventDate "2016.09.25"]
[EventType "team-tourn"]
[EventRounds "11"]
[EventCountry "HUN"]
[SourceTitle "EXT 2021"]
[Source "ChessBase"]
[SourceDate "2020.10.23"]
[SourceVersion "1"]
[SourceVersionDate "2020.10.23"]
[SourceQuality "1"]
[WhiteTeam "Tiszavasvar"]
[BlackTeam "Bajnok Sakkiskola"]
[WhiteTeamCountry "HUN"]
[BlackTeamCountry "HUN"]

1. e4 c5 2. Nf3 Nc6 3. d4 cxd4 4. Nxd4 Nf6 5. Nc3 e6 6. Ndb5 Bb4 7. a3 Bxc3+ 8. Nxc3 d5 9. exd5 exd5 10. Bg5 d4 11. Bxf6 Qxf6 12. Nd5 Qd6 13. c4 Be6 14. Qb3 0-0-0 15. Be2 Bxd5 16. cxd5 Qxd5 17. Qxd5 Rxd5 18. Bf3 Re8+ 19. Kd2 Rd6 20. Rac1 Kb8 21. Rc5 Ne5 22. Be2 b6 23. Rcc1 d3 24. Bd1 Rc8 25. Rxc8+ Kxc8 26. Bb3 Rf6 27. f3 Rg6 28. g4 Nxf3+ 29. Kxd3 Rxg4 30. Bxf7 Ne5+ 31. Ke3 Nxf7 32. Rf1 Nd6 33. Rf8+ Kc7 34. Kf3 Rg6 0-1

[Event "Perenyi Memorial"]
[Site "Budapest"]
[Date "2016.01.14"]
[Round "8"]
[White "Bodrogi, Laszlo"]
[Black "Trajber, Csaba"]
[Result "1/2-1/2"]
[WhiteElo "1928"]
[BlackElo "2068"]
[PlyCount "147"]
[EventDate "2016.01.06"]
[EventType "swiss"]
[EventRounds "9"]
[EventCountry "HUN"]
[SourceTitle "CBM 170 Extra"]
[Source "ChessBase"]
[SourceDate "2016.02.25"]
[SourceVersion "1"]
[SourceVersionDate "2016.02.25"]
[SourceQuality "1"]

1. e4 c5 2. Nf3 d6 3. d4 cxd4 4. Nxd4 Nf6 5. Nc3 a6 6. Bc4 e6 7. Bb3 b5 8. 0-0 Qb6 9. Be3 Qb7 10. f3 Be7 11. a3 0-0 12. Qe2 Bd7 13. Rad1 Nc6 14. Nxc6 Bxc6 15. Bf4 Rad8 16. Rd2 d5 17. exd5 Nxd5 18. Nxd5 Bxd5 19. Bxd5 Rxd5 20. Rxd5 Qxd5 21. Rd1 Bc5+ 22. Kf1 Qf5 23. Bg3 Rc8 24. Qd3 Qxd3+ 25. Rxd3 Be7 26. Rd7 Kf8 27. c3 Rc6 28. Ke2 e5 29. Rd5 f6 30. Kd3 Kf7 31. Rd7 Rd6+ 32. Rxd6 Bxd6 33. Bf2 Ke6 34. Bb6 Kd5 35. h3 f5 36. Be3 Be7 37. Bc1 e4+ 38. fxe4+ fxe4+ 39. Kc2 a5 40. b3 a4 41. c4+ bxc4 42. bxa4 Bc5 43. a5 e3 44. Kd1 Ke4 45. Ke2 c3 46. a6 h5 47. a4 g6 48. a5 c2 49. Ba3 Ba7 50. Bb2 Bc5 51. Bc1 Bd4 52. Ba3 g5 53. Bc1 g4 54. Ba3 gxh3 55. gxh3 Ba7 56. Bc1 h4 57. Ba3 Bd4 58. Bc1 Bc5 59. Bb2 Ba7 60. Bc1 Kf4 61. Kd3 Kf3 62. Kxc2 Kf2 63. Kd3 e2 64. Bd2 e1Q 65. Bxe1+ Kxe1 66. Kc4 Kf2 67. Kb5 Kg3 68. Kc6 Kxh3 69. Kb7 Be3 70. a7 Bxa7 71. Kxa7 Kg3 72. a6 h3 73. Kb8 h2 74. a7 1/2-1/2

[Event "Perenyi Memorial"]
[Site "Budapest"]
[Date "2016.01.07"]
[Round "2"]
[White "Bodrogi, Laszlo"]
[Black "Vargyas, Zoltan"]
[Result "0-1"]
[WhiteElo "1928"]
[BlackElo "2127"]
[PlyCount "42"]
[EventDate "2016.01.06"]
[EventType "swiss"]
[EventRounds "9"]
[EventCountry "HUN"]
[SourceTitle "CBM 170 Extra"]
[Source "ChessBase"]
[SourceDate "2016.02.25"]
[SourceVersion "1"]
[SourceVersionDate "2016.02.25"]
[SourceQuality "1"]

1. e4 e6 2. d4 d5 3. Nc3 Bb4 4. e5 Ne7 5. a3 Bxc3+ 6. bxc3 c5 7. Nf3 Bd7 8. a4 Qa5 9. Bd2 Nbc6 10. dxc5 Ng6 11. c4 Qxc5 12. Rb1 0-0-0 13. Rb5 Qe7 14. Bc3 f6 15. exf6 gxf6 16. Bd2 Nge5 17. Nxe5 Nxe5 18. Rb4 Bc6 19. Qb1 dxc4 20. f4 Qd6 21. Be3 Ng4 0-1

[Event "Budapest Karacsonyi 7th"]
[Site "Budapest"]
[Date "2015.12.30"]
[Round "7"]
[White "Bodrogi, Laszlo"]
[Black "Kokeny, Norbert Adrian"]
[Result "1/2-1/2"]
[WhiteElo "1904"]
[BlackElo "2132"]
[PlyCount "20"]
[EventDate "2015.12.27"]
[EventType "swiss"]
[EventRounds "7"]
[EventCountry "HUN"]
[SourceTitle "CBM 170 Extra"]
[Source "ChessBase"]
[SourceDate "2016.02.25"]
[SourceVersion "1"]
[SourceVersionDate "2016.02.25"]
[SourceQuality "1"]

1. d4 Nf6 2. c4 e6 3. Nc3 Bb4 4. Qc2 0-0 5. e4 d6 6. Bd3 Nbd7 7. Nge2 e5 8. 0-0 exd4 9. Nxd4 Bxc3 10. Qxc3 Nc5 1/2-1/2

[Event "Budapest FS09 FM-A"]
[Site "Budapest"]
[Date "2015.09.11"]
[Round "6"]
[White "Bodrogi, Laszlo"]
[Black "Juracsik, Jozsef"]
[Result "0-1"]
[WhiteElo "1921"]
[BlackElo "2100"]
[PlyCount "68"]
[EventDate "2015.09.05"]
[EventType "tourn"]
[EventRounds "9"]
[EventCountry "HUN"]
[EventCategory "2"]
[SourceTitle "EXT 2016"]
[Source "ChessBase"]
[SourceDate "2015.10.08"]
[SourceVersion "1"]
[SourceVersionDate "2015.10.08"]
[SourceQuality "1"]

1. d4 Nf6 2. c4 g6 3. Nc3 Bg7 4. e4 d6 5. f3 0-0 6. Bg5 c6 7. Qd2 Nbd7 8. Nh3 a6 9. Rc1 b5 10. Nf2 e5 11. dxe5 Nxe5 12. cxb5 axb5 13. b3 Ba6 14. f4 Ned7 15. b4 h6 16. Bh4 Nxe4 17. Ncxe4 Qxh4 18. g3 Qe7 19. Qxd6 Qe8 20. Be2 f5 21. Nc5 Nxc5 22. Rxc5 Rf6 23. Qd2 Re6 24. Kd1 Rd8 25. Nd3 Bd4 26. Rc2 Qe7 27. Bf3 Be3 28. Qe2 c5 29. Ke1 Bd4 30. Ne5 Bxe5 31. fxe5 Rxe5 32. Rxc5 Rxe2+ 33. Bxe2 Re8 34. Rc2 Qxb4+ 0-1